Cpad market flash (Record no. 114676)
[ view plain ]
| 000 -LEADER | |
|---|---|
| fixed length control field | 01217cad a22002175a 4500 |
| 001 - CONTROL NUMBER | |
| control field | L157249 |
| 008 - FIXED-LENGTH DATA ELEMENTS--GENERAL INFORMATION | |
| fixed length control field | 121005s2012 xxk 000 0 eng d |
| 035 ## - SYSTEM CONTROL NUMBER | |
| System control number | (Sirsi) u157249 |
| 041 0# - LANGUAGE CODE | |
| Language code of text/sound track or separate title | eng |
| 110 2# - MAIN ENTRY--CORPORATE NAME | |
| Corporate name or jurisdiction name as entry element | Acuitus |
| 9 (RLIN) | 6056 |
| 245 00 - TITLE STATEMENT | |
| Title | Cpad market flash |
| Remainder of title | commercial property auction data |
| Medium | [electronic resource] |
| 260 ## - PUBLICATION, DISTRIBUTION, ETC. | |
| Place of publication, distribution, etc. | London |
| Name of publisher, distributor, etc. | Acuitus |
| Date of publication, distribution, etc. | 2012 |
| 490 #0 - SERIES STATEMENT | |
| Series statement | Acuitus Cpad Market Flash Commercial Property Auction Data |
| Volume/sequential designation | September 2012 |
| 520 ## - SUMMARY, ETC. | |
| Summary, etc. | The last round of auctions produced a small increase in the volume of property sold but also charted a continuing fragility in yields beyond prime properties. In July, activity levels of investment through the sale room remained broadly steady showing a rise of 4% since May 2012 and a 13% increase on February's auction volumes. The gap between prime and secondary has widened from 290 basis points in May to 520 in July - the largest gap of this property downturn. |
| 590 ## - LOCAL NOTE (RLIN) | |
| Local note | NTK KA |
| 651 #4 - SUBJECT ADDED ENTRY--GEOGRAPHIC NAME | |
| Geographic name | United Kingdom |
| 690 ## - LOCAL SUBJECT ADDED ENTRY--TOPICAL TERM (OCLC, RLIN) | |
| Topical term or geographic name as entry element | Commercial property |
| 9 (RLIN) | 6227 |
| 710 ## - ADDED ENTRY--CORPORATE NAME | |
| Corporate name or jurisdiction name as entry element | Investment Property Databank |
| 9 (RLIN) | 2288 |
| 856 40 - ELECTRONIC LOCATION AND ACCESS | |
| Uniform Resource Identifier | <a href="https://www.acuitus.co.uk/media/19719/cpad%20market%20flash%20september%202012.pdf">https://www.acuitus.co.uk/media/19719/cpad%20market%20flash%20september%202012.pdf</a> |
| Public note | View the report at www.acuitus.co.uk |
| 942 ## - ADDED ENTRY ELEMENTS (KOHA) | |
| Suppress in OPAC | 0 |
| Withdrawn status | Lost status | Source of classification or shelving scheme | Damaged status | Not for loan | Home library | Current library | Shelving location | Date acquired | Total Checkouts | Full call number | Barcode | Date last seen | Copy number | Price effective from | Koha item type |
|---|---|---|---|---|---|---|---|---|---|---|---|---|---|---|---|
| Dewey Decimal Classification | Virtual | Virtual | Online | 05/10/2012 | ONLINE PUBLICATION | 157249-2001 | 06/08/2019 | 1 | 06/08/2019 | Book |